000 01140nam a2200301 i 4500
001 bg
245 1 0 _aOdpowiedzi na pytania egzaminacyjne dla kandydatów na doradców podatkowych :
_bpytania otwarte.
_nT. 9,
_pDział VIII-XIII /
_cRenata Zielonka [et al.] ; Forum Doradców Podatkowych
260 _aKraków :
_bFDP,
_c2004.
300 _a85 s. ;
_c30 cm.
650 9 _aDoradztwo podatkowe
_xprawo
_zPolska
_ystan na 2004 r.
650 9 _aEgzaminy zawodowe
650 9 _aPodatek
_xprawo
_zPolska
_ystan na 2004 r.
650 9 _aPrawo karne finansowe
_zPolska
_ystan na 2004 r.
650 9 _aRachunkowość
_zPolska
_ystan na 2004 r.
655 _aĆwiczenia i zadania
700 1 _aZIELONKA, Renata
710 0 _aForum Doradców Podatkowych
020 _a8389359308
020 _a8389359294 (t.9)
040 _cBPK
041 0 _apol
080 _a336.221.24:343::336:351.077.3:346.5/.6](438)(079)
920 _a83-89359-30-8
920 _a83-89359-29-4 (t.9)
942 _cKA
008 s pl f |000 0 pol
999 _c35113
_d35113
856 _uhttp://koha.tu.koszalin.pl/cgi-bin/koha/opac-detail.pl?biblionumber=35113
_yKatalog online BPK